Geographical distribution of financial flows to developing countries : disbursements, commitments, country indicators : 2010-2014

Salvato in:
Dettagli Bibliografici
Natura: Libro
Lingua:inglese
francese
Pubblicazione: Paris OECD 2016
Soggetti:
Tags: Aggiungi Tag
Nessun Tag, puoi essere il primo ad aggiungerne!!

MARC

LEADER 00000nam a2200000 4500
001 0220111
005 20240104131716.1
020 |a 978-92-64-25042-0 
022 |a 2074-3157 
041 0 |a eng 
041 0 |a fre 
044 |a FR 
245 1 0 |a Geographical distribution of financial flows to developing countries : disbursements, commitments, country indicators : 2010-2014 
264 1 |a Paris  |b OECD  |c 2016 
300 |a 302 s. 
610 2 0 |a pomoc rozvojová 
610 2 0 |a krajiny rozvojové 
610 2 0 |a krajiny vyspelé 
610 2 0 |a politika finančná 
610 2 0 |a distribúcia 
610 2 0 |a ukazovatele ekonomické 
610 2 0 |a financovanie 
610 2 0 |a svet 
610 2 0 |a údaje štatistické medzinárodné 
610 2 0 |a porovnanie štatistické medzinárodné 
610 2 0 |a OECD